Georgia : First Review Under the Three-Year Arrangement Under the Poverty Reduction and Growth Facility and Request for Waiver of Performance Criterion.

The staff report for the First Review Under the Three-Year Arrangement Under the Poverty Reduction and Growth Facility on Georgia highlights economic developments and policies. Growth has remained robust and inflation subdued against the backdrop of steady remonetization. Rapid growth in fiscal reve...

Popoln opis

Bibliografske podrobnosti
Korporativna značnica: International Monetary Fund
Format: Revija
Jezik:English
Izdano: Washington, D.C. : International Monetary Fund, 2005.
Serija:IMF Staff Country Reports; Country Report ; No. 2005/001
Online dostop:Full text available on IMF
LEADER 01758cas a2200241 a 4500
001 AALejournalIMF003403
008 230101c9999 xx r poo 0 0eng d
020 |c 5.00 USD 
020 |z 9781451814569 
022 |a 1934-7685 
040 |a BD-DhAAL  |c BD-DhAAL 
110 2 |a International Monetary Fund. 
245 1 0 |a Georgia :   |b First Review Under the Three-Year Arrangement Under the Poverty Reduction and Growth Facility and Request for Waiver of Performance Criterion. 
264 1 |a Washington, D.C. :  |b International Monetary Fund,  |c 2005. 
300 |a 1 online resource (63 pages) 
490 1 |a IMF Staff Country Reports 
500 |a <strong>Off-Campus Access:</strong> No User ID or Password Required 
500 |a <strong>On-Campus Access:</strong> No User ID or Password Required 
506 |a Electronic access restricted to authorized BRAC University faculty, staff and students 
520 3 |a The staff report for the First Review Under the Three-Year Arrangement Under the Poverty Reduction and Growth Facility on Georgia highlights economic developments and policies. Growth has remained robust and inflation subdued against the backdrop of steady remonetization. Rapid growth in fiscal revenue has permitted a faster-than-expected clearance of domestic arrears. Parliament is expected to vote shortly on a tax reform bill designed to streamline the tax code and encourage investment. Structural reforms will continue to be geared toward consolidating the fiscal position, deepening financial sector reforms. 
538 |a Mode of access: Internet 
830 0 |a IMF Staff Country Reports; Country Report ;  |v No. 2005/001 
856 4 0 |z Full text available on IMF  |u http://elibrary.imf.org/view/journals/002/2005/001/002.2005.issue-001-en.xml  |z IMF e-Library